[Event "Sarajevo Bosna op 45th"]
[Site "Sarajevo"]
[Date "2015.06.03"]
[Round "7"]
[White "Karup, Edin"]
[Black "Nestorovic, Katarina"]
[Result "1-0"]
[WhiteElo "2156"]
[BlackElo "1764"]
[PlyCount "79"]
[EventDate "2015.05.30"]
[EventType "swiss"]
[EventRounds "9"]
[EventCountry "BIH"]
[SourceTitle "CBM 166 Extra"]
[Source "ChessBase"]
[SourceDate "2015.06.18"]
[SourceVersion "1"]
[SourceVersionDate "2015.06.18"]
[SourceQuality "1"]

1. e4 c5 2. Nf3 e6 3. Nc3 d6 4. d4 cxd4 5. Nxd4 Nf6 6. g4 h6 7. Rg1 Nc6 8. Be3 a6 9. Be2 Be7 10. h4 Nh7 11. h5 Bg5 12. Qd2 Nxd4 13. Qxd4 e5 14. Qd2 Be6 15. 0-0-0 Be7 16. Kb1 Qc7 17. f4 exf4 18. Bxf4 Rd8 19. Rg3 0-0 20. Rd3 Bc4 21. Rd4 Be6 22. a4 Nf6 23. g5 hxg5 24. Bxg5 Ne8 25. e5 Bxg5 26. Qxg5 Qa5 27. b4 Qc7 28. Ne4 Rc8 29. Bd3 dxe5 30. Nf6+ Nxf6 31. h6 Ne8 32. hxg7 Nxg7 33. Qf6 Qc6 34. Bh7+ Kh8 35. Qh4 Rfd8 36. Rh1 Nh5 37. Bd3 f5 38. Qf6+ Kg8 39. Rg4+ fxg4 40. Bh7+ 1-0

[Event "Sarajevo Bosna op 45th"]
[Site "Sarajevo"]
[Date "2015.05.31"]
[Round "2"]
[White "Karup, Edin"]
[Black "Strinic, Halid"]
[Result "0-1"]
[WhiteElo "2156"]
[BlackElo "2103"]
[PlyCount "100"]
[EventDate "2015.05.30"]
[EventType "swiss"]
[EventRounds "9"]
[EventCountry "BIH"]
[SourceTitle "CBM 166 Extra"]
[Source "ChessBase"]
[SourceDate "2015.06.18"]
[SourceVersion "1"]
[SourceVersionDate "2015.06.18"]
[SourceQuality "1"]

1. e4 c5 2. Nf3 d6 3. d4 cxd4 4. Nxd4 Nf6 5. Nc3 a6 6. Bg5 Nbd7 7. f4 e6 8. Bc4 Qc7 9. Qe2 b5 10. Bxe6 fxe6 11. Nxe6 Qb8 12. Nd5 Ra7 13. 0-0-0 Kf7 14. Nd8+ Kg8 15. Nc6 Qa8 16. Nxa7 Qxa7 17. e5 Nxd5 18. Rxd5 Nb6 19. Rdd1 h6 20. Bh4 Qf7 21. Kb1 Nd5 22. Qe4 Nxf4 23. exd6 g5 24. Bg3 Bf5 25. Qa8 Kh7 26. Qxa6 Bg7 27. Bxf4 gxf4 28. Qxb5 Ra8 29. Qd5 Qf8 30. Rhe1 Rb8 31. Rd4 Qf6 32. Re7 Kg6 33. Rxg7+ Kxg7 34. d7 Rd8 35. Qc5 Rxd7 36. Rxd7+ Bxd7 37. Qc7 Qd4 38. b3 Kg6 39. a4 Bf5 40. Qc6+ Kg5 41. g3 Qd1+ 42. Kb2 f3 43. Qe8 Qxc2+ 44. Ka3 Kg4 45. Qe3 f2 46. Qf4+ Kh3 47. g4 Kg2 48. Qg3+ Kh1 49. Qf3+ Kxh2 50. gxf5 Qc1+ 0-1

[Event "BIH-chT2"]
[Site "Tuzla"]
[Date "2010.07.22"]
[Round "7"]
[White "Stojanovic, Dalibor"]
[Black "Karup, Edin"]
[Result "1-0"]
[WhiteElo "2491"]
[BlackElo "2167"]
[PlyCount "80"]
[EventDate "2010.07.18"]
[EventType "team-swiss"]
[EventRounds "9"]
[EventCountry "BIH"]
[SourceTitle "CBM 137 Extra"]
[Source "ChessBase"]
[SourceDate "2010.09.01"]
[SourceVersion "1"]
[SourceVersionDate "2010.09.01"]
[SourceQuality "1"]

1. e4 c5 2. Nc3 d6 3. f4 Nc6 4. Nf3 g6 5. Bc4 Bg7 6. 0-0 Nf6 7. d3 0-0 8. Bb3 Bg4 9. Qe1 Bxf3 10. Rxf3 Nd4 11. Rh3 Nxb3 12. axb3 e6 13. Bd2 Ng4 14. Nd1 d5 15. Qe2 h5 16. e5 f6 17. exf6 Qxf6 18. Rf3 e5 19. h3 e4 20. dxe4 Qd4+ 21. Kh1 Qxe4 22. Qb5 Qxc2 23. Bc3 d4 24. Qc4+ Rf7 25. hxg4 hxg4 26. Ne3 dxe3 27. Rxe3 Qf5 28. g3 Rd8 29. Bxg7 Qh5+ 30. Kg1 Kxg7 31. Qc3+ Kg8 32. Re5 Qh3 33. Rae1 Rdf8 34. Rg5 Kh7 35. Qd3 Rf6 36. Ree5 Kg7 37. Re7+ Kh8 38. Rd5 R6f7 39. Qc3+ Rf6 40. Rd2 Kg8 1-0

[Event "BIH CFFBH-chT2"]
[Site "Neum"]
[Date "2007.08.26"]
[Round "2"]
[White "Solomunovic, Igor"]
[Black "Karup, Edin"]
[Result "1-0"]
[WhiteElo "2396"]
[BlackElo "2205"]
[PlyCount "149"]
[EventDate "2007.08.25"]
[EventType "team-tourn"]
[EventRounds "9"]
[EventCountry "BIH"]
[SourceTitle "EXT 2023"]
[Source "ChessBase"]
[SourceDate "2022.10.05"]
[SourceVersion "1"]
[SourceVersionDate "2022.10.05"]
[SourceQuality "1"]

1. d4 f5 2. g3 c5 3. c3 Nf6 4. Bg2 e6 5. Nh3 Nc6 6. 0-0 Qb6 7. dxc5 Bxc5 8. b4 Be7 9. Be3 Qc7 10. Na3 0-0 11. Nb5 Qb8 12. a3 d5 13. c4 dxc4 14. Qc2 a6 15. Nd4 Nxd4 16. Bxd4 b5 17. Bxa8 Qxa8 18. f3 Rd8 19. Rad1 Qc6 20. Qb2 h6 21. Be5 Rf8 22. Nf4 Kf7 23. Ng2 Bb7 24. Rd4 Rc8 25. Rfd1 c3 26. Qc2 a5 27. Nf4 axb4 28. axb4 g5 29. Rd6 Qc4 30. Nxe6 Bxd6 31. Rxd6 Qxe6 32. Rxe6 Kxe6 33. Bxc3 Nd5 34. Qa2 Rxc3 35. e4 Rc1+ 36. Kf2 Rc4 37. exd5+ Kxd5 38. Qa7 Bc6 39. Qf7+ Ke5 40. Qg7+ Kd5 41. Qxh6 g4 42. Qf6 gxf3 43. Kxf3 Rxb4 44. Ke3 Re4+ 45. Kd3 Re5 46. h4 Be8 47. Qd8+ Kc6 48. Qc8+ Kd6 49. Qd8+ Kc6 50. Qa8+ Kd7 51. Kd4 Re4+ 52. Kc5 Ke7 53. Qb7+ Kf6 54. Qh7 b4 55. h5 b3 56. h6 Rg4 57. Qh8+ Kf7 58. Qe5 Kg6 59. Qxe8+ Kxh6 60. Qh8+ Kg6 61. Qg8+ Kf6 62. Qxb3 Re4 63. Qg8 Re5+ 64. Kd6 Re4 65. Qd5 Kg5 66. Qg8+ Kf6 67. Kd7 Re7+ 68. Kd8 Re4 69. Qh7 Rg4 70. Ke8 Ke5 71. Qe7+ Kd4 72. Kf7 Re4 73. Qf6+ Re5 74. Kg6 Ke4 75. Kg5 1-0

[Event "BIH CFFBH-chT2"]
[Site "Neum"]
[Date "2007.08.25"]
[Round "1"]
[White "Karup, Edin"]
[Black "Mihic, Bojan"]
[Result "0-1"]
[WhiteElo "2205"]
[BlackElo "2368"]
[PlyCount "92"]
[EventDate "2007.08.25"]
[EventType "team-tourn"]
[EventRounds "9"]
[EventCountry "BIH"]
[SourceTitle "EXT 2023"]
[Source "ChessBase"]
[SourceDate "2022.10.05"]
[SourceVersion "1"]
[SourceVersionDate "2022.10.05"]
[SourceQuality "1"]

1. e4 e6 2. d4 d5 3. Nc3 Bb4 4. e5 c5 5. a3 Bxc3+ 6. bxc3 Ne7 7. a4 b6 8. Nh3 Qc7 9. Bb5+ Bd7 10. 0-0 Bxb5 11. axb5 a5 12. bxa6 Rxa6 13. Rxa6 Nxa6 14. Nf4 0-0 15. Nh5 Rc8 16. Bg5 Ng6 17. Qd3 Nb8 18. Nxg7 Kxg7 19. Qh3 Nd7 20. Qh6+ Kh8 21. h4 cxd4 22. cxd4 Rg8 23. h5 Qxc2 24. Rc1 Qf5 25. Rc7 Ngxe5 26. dxe5 Qxg5 27. Qxg5 Rxg5 28. Rxd7 Kg7 29. f4 Rxh5 30. Rb7 Kg6 31. Rxb6 Kf5 32. g3 Ke4 33. Kg2 Rf5 34. Rb1 h5 35. Re1+ Kd3 36. Kf3 Kd4 37. Rd1+ Kc5 38. Rc1+ Kb6 39. Ke3 f6 40. exf6 Rxf6 41. Kd4 Rg6 42. Rc3 Kb5 43. Re3 Kc6 44. Ke5 Kc5 45. Rc3+ Kb4 46. Kd4 e5+ 0-1

[Event "BIH CFFBH-chT1A"]
[Site "Neum"]
[Date "2006.08.29"]
[Round "5"]
[White "Kobas, Adnan"]
[Black "Karup, Edin"]
[Result "1-0"]
[WhiteElo "2300"]
[BlackElo "2215"]
[PlyCount "81"]
[EventDate "2006.08.26"]
[EventType "team-tourn"]
[EventRounds "9"]
[EventCountry "BIH"]
[SourceTitle "EXT 2023"]
[Source "ChessBase"]
[SourceDate "2022.10.05"]
[SourceVersion "1"]
[SourceVersionDate "2022.10.05"]
[SourceQuality "1"]

1. e4 c5 2. Nf3 d6 3. Nc3 a6 4. d4 cxd4 5. Nxd4 Nf6 6. Bc4 e6 7. Bb3 b5 8. Bg5 Nbd7 9. Qe2 Bb7 10. 0-0-0 Qb6 11. f4 Nc5 12. f5 Nxb3+ 13. axb3 e5 14. Bxf6 gxf6 15. Nf3 Rc8 16. Nd5 Bxd5 17. Rxd5 h5 18. Kb1 Bh6 19. Rhd1 Rc6 20. Ne1 Be3 21. c3 Ke7 22. Nc2 Bc5 23. b4 Bg1 24. R5d2 Qa7 25. g4 hxg4 26. Qxg4 Rxh2 27. Rxh2 Bxh2 28. Rh1 Qf2 29. Qg8 Rc4 30. Qh8 Bg3 31. Qa8 Bh2 32. Qh8 Bg3 33. Rh6 Qf1+ 34. Ka2 Bh4 35. Rxh4 Rxe4 36. Rxe4 Qd3 37. Qa8 d5 38. Qb7+ Ke8 39. Qc8+ Ke7 40. Qc7+ Ke8 41. Rh4 1-0

[Event "Internet Section 06A g/8'+2\""]
[Site "Dos Hermanas"]
[Date "2004.03.06"]
[Round "4"]
[White "Karup, Edin"]
[Black "Arena, Guillermo Jorge"]
[Result "1-0"]
[WhiteElo "2165"]
[BlackElo "2121"]
[PlyCount "143"]
[EventDate "2004.03.06"]
[EventType "swiss (blitz)"]
[EventRounds "9"]
[EventCountry "ESP"]
[SourceTitle "CBM 099 Extra"]
[Source "ChessBase"]
[SourceDate "2004.05.04"]
[SourceVersion "1"]
[SourceVersionDate "2004.05.04"]
[SourceQuality "1"]

1. e4 e6 2. d4 d5 3. Nc3 Bb4 4. e5 c5 5. a3 Ba5 6. b4 cxd4 7. Nb5 Bc7 8. Nf3 Nc6 9. Bf4 a5 10. Nxc7+ Qxc7 11. b5 Nce7 12. Bd3 Ng6 13. Bg3 N8e7 14. 0-0 Qc5 15. a4 b6 16. Qd2 Qc3 17. Qg5 Bd7 18. h4 h6 19. Qg4 Nf5 20. h5 Nge7 21. Bh4 Nxh4 22. Nxh4 0-0-0 23. Nf3 Nf5 24. Nh4 Nxh4 25. Qxh4 g5 26. hxg6 fxg6 27. Qe7 Rde8 28. Qh4 g5 29. Qh5 Ref8 30. Qd1 h5 31. Qc1 g4 32. Ra3 Qc7 33. c3 Kb7 34. cxd4 Qxc1 35. Rxc1 h4 36. Rac3 Rc8 37. Rxc8 Bxc8 38. Rf1 Rf8 39. f4 gxf3 40. Rxf3 Rg8 41. Rf7+ Kb8 42. Kf2 Rg4 43. Ke3 Rxg2 44. Rh7 Rg3+ 45. Ke2 h3 46. Rh6 Bd7 47. Bg6 h2 48. Bf7 Rg4 49. Rxh2 Rxd4 50. Rh8+ Kc7 51. Bg6 Rxa4 52. Rh7 Rb4 53. Be8 Re4+ 54. Kd3 Rxe5 55. Rxd7+ Kc8 56. Rd6 Kc7 57. Rc6+ Kb7 58. Bd7 d4 59. Rxe6 Rc5 60. Kxd4 Kc7 61. Bc6 a4 62. Re7+ Kd6 63. Ra7 Rh5 64. Kc4 Rh4+ 65. Kc3 Kc5 66. Ra6 Rh3+ 67. Kc2 Re3 68. Ra8 a3 69. Kb1 Kb4 70. Be8 Re1+ 71. Kc2 Re2+ 72. Kd3 1-0

[Event "Internet Section 06A g/8'+2\""]
[Site "Dos Hermanas"]
[Date "2004.03.06"]
[Round "2"]
[White "Karup, Edin"]
[Black "Norberg, Johan"]
[Result "0-1"]
[WhiteElo "2178"]
[BlackElo "2195"]
[PlyCount "64"]
[EventDate "2004.03.06"]
[EventType "swiss (blitz)"]
[EventRounds "9"]
[EventCountry "ESP"]
[SourceTitle "CBM 099 Extra"]
[Source "ChessBase"]
[SourceDate "2004.05.04"]
[SourceVersion "1"]
[SourceVersionDate "2004.05.04"]
[SourceQuality "1"]

1. e4 g6 2. d4 Bg7 3. Nc3 c6 4. Bc4 b5 5. Bb3 a5 6. a3 d6 7. Qf3 e6 8. Nge2 Ne7 9. Bg5 Nd7 10. e5 dxe5 11. 0-0-0 h6 12. Ne4 0-0 13. Bf6 Nxf6 14. Nxf6+ Kh8 15. dxe5 Nd5 16. Bxd5 exd5 17. Rhe1 Qe7 18. Nd4 Bb7 19. Nf5 gxf5 20. Qxf5 Bxf6 21. exf6 Qd6 22. Re7 Bc8 23. Qf3 Rg8 24. h3 Be6 25. Re1 Rg6 26. Kb1 Rag8 27. g4 d4 28. Qe4 Bd5 29. Qe5 Qxe5 30. R7xe5 Rxf6 31. Rh5 Kg7 32. Ree5 Rxf2 0-1

[Event "BIH-chT2"]
[Site "Neum"]
[Date "2003.08.28"]
[Round "8"]
[White "Hodzic, Nihad"]
[Black "Karup, Edin"]
[Result "1/2-1/2"]
[WhiteElo "2274"]
[BlackElo "2181"]
[PlyCount "24"]
[EventDate "2003.08.23"]
[EventType "team"]
[EventRounds "9"]
[EventCountry "BIH"]
[SourceTitle "EXT 2004"]
[Source "ChessBase"]
[SourceDate "2003.11.25"]
[SourceVersion "1"]
[SourceVersionDate "2003.11.25"]
[SourceQuality "1"]

1. Nf3 Nf6 2. d4 e6 3. g3 b6 4. Bg2 Bb7 5. 0-0 Be7 6. c4 0-0 7. Nc3 Ne4 8. Qc2 Nxc3 9. Qxc3 d6 10. Rd1 Nd7 11. Bf4 Be4 12. Qe3 f5 1/2-1/2